| 000 | 00978cam a22002411 4500 | ||
|---|---|---|---|
| 001 | af 48003512 | ||
| 003 | DLC | ||
| 005 | 20260227110902.0 | ||
| 008 | 850619s1944 gw c 000 0bger c | ||
| 010 | _aaf 48003512 | ||
| 035 | _a(OCoLC)12174434 | ||
| 040 |
_aSibley Musical Library _cNRU-Mus _dDLC |
||
| 042 | _apremarc | ||
| 050 | 0 | 0 |
_aML410.P32 _bH29 |
| 245 | 0 | 0 | _aHans Pfitzner zum 75. Geburtstag am 5. Mai 1944. |
| 260 |
_aKöln, _bP.J. Tonger, _c[1944] |
||
| 300 |
_a15 p. _bport. _c21 cm. |
||
| 500 | _aSpecial number of the Marburger studentische Kulturblätter. | ||
| 505 | 0 | _aZum 75. Geburtstag Hans Pfitzners, von Ludwig Schrott.--Hans Pfitzners Vermächtnis an die Jugend, von Richard Schaal.--Studentische Musikwoche in Marburg-Lahn, von F. Freund.--Verzeichnis der Werke Hans Pfitzners (p. 12-14)--Buchbesprechungen, von Richard Schaal. | |
| 600 | 1 | 0 |
_aPfitzner, Hans Erich, _d1869-1949. |
| 650 | 0 | _aMusic. | |
| 730 | 0 | _aMarburger studentische Kulturblätter. | |
| 999 |
_c5629 _d5629 |
||